000 00909nas a2200277 4500
001 BR2012009213
003 BR-BrBNA
005 20231205121553.0
007 ta
008 230509b bl.|||p| |||| 00| 00por d
040 _aBR-BrBNA
_bpor
_cBiblioteca Nacional de Agricultura
041 _a(Pt)
072 _aJ13
100 1 _aCarvalho, L.F.R.
100 1 _aMelo, C.B. de
100 1 _aHaddad, J.P.A.
245 1 _aCadastro da exploração pecuária e o controle do trânsito de bovídeos considerando a saúde animal no Brasil: uma breve revisão
650 _aBOVINO
650 _aTRANSPORTE
650 _aINSPEÇÃO VETERINÁRIA
650 _aCADASTRO
650 _aSENSORIAMENTO REMOTO
773 0 _tRevista Brasileira de Medicina Veterinária (Brazil)
_xISSN 0100-2430
_g(Jan-Mar 2012), v. 34(1) p. 19-26
_wBR2012009213
909 _a202311
_bLúcia
_c55
_dLúcia Elande
942 _2AGRIS
_n0
_cANA
999 _c224170
_d224170